000 00651nam a2200205Ii 4500
003 JO-AjNU
008 230606s9999||||xx |||||||||||||| ||und||
020 _a0-86372-017-x
040 _aJO-AjNU
_beng
_erda
_cJO-AjNU
041 _aeng
050 1 4 _aZ5075.S78 1984
100 3 _aZahlan.A.B,
_eauthor
_93520
245 0 0 _a Agricultural bibliography of Jordan, 1974-1983 : selected, classified & annotated 
264 3 1 _aAmman:abdul hameed shoman,1984
300 _a325p
336 _atext
_btxt
_2rdacontent
337 _aunmediated
_bn
_2rdamedia
338 _avolume
_bnc
_2rdacarrier
650 4 _aAgriculture -- Jordan -- Bibliography. 
_93521
999 _aE1837
_c1837
_d1837